000 01687cam a22004574i 4500
003 PE-LiUPU
005 20250731173339.0
008 150706s1999 sa r 000 0 eng d
020 _a1869204697
035 _a(Sirsi) i9781869204693
040 _aPE-LiUPU
_bspa
_cPE-LiUPU
_erda
049 _aPRUA
082 0 4 _a220
_bH
_221
130 _aBiblia.
_lInglés.
_sNew International Version.
_f1999.
245 0 4 _aThe Holy Bible :
_bnew international version /
_cInternational Bible Society-Africa .
264 1 _aVereeningin, South Africa :
_bChristian Art Publishers ; International Bible Society,
_c1999.
300 _a1409 páginas ;
_c22 centímetros
336 _atext
_2rdacontent
337 _aunmediated
_2rdamedia
338 _avolume
_2rdacarrier
505 0 _aThe books of the Old Testament -- The books of the New Testament.
526 _aSEG42
526 _aSEG41
526 _aSEG40
526 _aSEG39
526 _aP94
526 _aP87
526 _aP86
526 _aP85
526 _aP77
526 _aP76
526 _aP35
541 _g007-0004740;
630 0 4 _aBiblia.
_lInglés.
_sNew International Version.
_f1999.
910 _agl
_bjv
_cng
_d20090909
942 _2ddc
_cBOOK
949 _a220 H
_wDEWEY
_c1
_i60259
_lCCODEBUL1
_mBUL
_p26.00
_r0
_sY
_tBOOK
_u2015-7-6
_xTEOLOGIA
_zUNKNOWN
_0COMPRA
_o.STAFF. Colección General
994 _aC0
_bPEPRU
596 _a1
999 _a220 H
_wDEWEY
_c49717
_i60259
_d49717
_e2017-8-27
_f2021-11-9
_g5
_lCCODEBUL1
_mBUL
_n3
_p26.00
_q7
_r0
_sY
_tBOOK
_u2015-7-6
_xTEOLOGIA
_PP35
_0COMPRA
_o.STAFF. Colección Teología
980 _81
_gALBERTO SANCHEZ Responsable de Automatización